1976 1386 1000 1161 1039 1524 1292 1772 1808 1715 1066 1897 1810 1360 1184 1446 1597 1944 1501 1254 1178 1496 1044 1487 1399 1059 1067 1047 1538 1326 1522 1883 1604 1716 1931 1646 1748 1581 1409 1643 1269 1273 1660 1214 1729 1921 1311 1369 1629 1019 1054 1669 1807 1594 1317 1024 1941 1924 1618 1797 1677 1598 1520 1903 1052 1709 1588 1909 1627 1611 1740 1530 1933 1280 1590 1898 1794 1254 1462 1463 1079 1621 1549 1061 1032 1119 1307 1453 1103 1791 1810 1961 1182 1917 1371 1158 1551 1117 1308 BCNSPRNW ULIB Ver.6.0+V

เปลี่ยนเป็นภาษาไทย

Change to English
 แสดงรายละเอียดบรรณานุกรม
  กลับหน้าหลัก

Brief Record : Get Marc (ISO 2709) : E-mail record : QR code < ปิดหน้าต่าง
LEADER : 00000nam 2200000uu 4500
001    13399109465
003     ULIB
008    110324s2553||||th 000 0 tha d
020    9789742976125
060 04 WX185^bก562ค 2550
110 1  กรมควบคุมโรค^bสำนักโรคจากการประกอบอาชีพและสิ่งแวดล้อม
245 00 คู่มือการประเมินความเสี่ยงจากการทำงานของบุคลากรในโรงพยาบาล /^cสำนักจัดการความรู้
260    นนทบุรี :^bสำนักโรคจากการประกอบอาชีพและสิ่งแวดล้อม,^c2553
300    142 หน้า:^bภาพประกอบ
650  7 การประเมินความเสี่ยง
650  7 ความเสี่ยง^xโรงพยาบาล
650  7 ชีวอนามัยในโรงพยาบาล
945    ^p0^l0^i020717
995    ทศพร
999 ^a ใช้งานได้ทุกระบบ
รายการนี้ยังไม่มีแท็ก
คุณยังไม่ได้ล็อกอิน คุณสามารถมีกิจกรรมร่วมกับเว็บไซต์ได้ แต่ต้องล็อกอินก่อน ::
  ล็อกอิน

รายการสื่อสารสนเทศ

ลำดับที่ ประเภท เลขเรียก/บาร์โค้ด สถานที่ สถานะ
- ไม่พบข้อมูล -

รายการใกล้เคียง
    หัวเรื่อง [การประเมินความเสี่ยง]

BibComment


ยังไม่เคยถูกคอมเมนท์

คอมเมนท์ทรัพยากรรายการนี้
  คอมเมนท์: คู่มือการประเมินค..


 Copyright 2026. Bcnsprnw @Library